01626cam a22003737a 4500003000500000005001700005008004100022010001000063011001000073035001000083040000900093090001000102100004300112245018900155260004100344300001900385502009900404590003700503590004100540590004100581590004100622590004200663650002500705650004300730700004200773901000700815905002600822942000900848949006200857949004900919999001700968952014000985952012701125CHAP20220329142550.0010920d2001 mx r 00110 spa d a85019 a85991 a96529 cCHAP aTesis00aSánchez García, Alejandro.910752710aDiseño y construcción de los sistemas de control de temperatura, ventilación y riego en un modelo de invernaderoc/por Alejandro Sánchez García y Federico Villarreal Guerrero aChapingo, Méx. :bEl autor,c2001. a61 h. :bilus. aTesis (Ing. Mecánico Agrícola) -- UACH. Departamento de Ingeniería Mecánica Agrícola aALEPHb10c20130110lUCH01h1444 aBATCH-UPDb10c20130110lUCH01h0724 aBATCH-UPDb10c20130410lUCH01h0408 aBATCH-UPDb10c20130914lUCH01h1653 aCONVERSIONb10c20130109lUCH01h134714aInvernaderos.96017214aInvernaderosxAutomatización.96017400aVillarreal Guerrero, Federico9119621 aBK aAlejandra Carrasco M. cFOLL aTesisbBCcTESd33724000859575eTS2fc.2h38660i96529si aTesisbBCcTESd965291eTS1h38659i96529sb c85019d85019 00102local4053708TESISaBCbBCcPA_TESISd2019-12-31fTESISl0oTesisp33724000859575r2019-12-31 00:00:00tc.2w2019-12-31yTESIS 00102local4051708TESISaBCbBCcPA_TESISd2019-12-31fTESISl0oTesisp965291r2019-12-31 00:00:00w2019-12-31yTESIS